000 00583nam a2200241 a 4500
001 nice12345678
003 IN_TiNIC
005 20260116014333.0
008 090121s2006 dela grp 000 0 eng
020 _a8129201461
_c265
082 0 0 _a001.42
_bALM
100 _aAlmack, John
245 _aResearch and Thesis Writing
260 _aDelhi
_bIndigo Books
_c2006
300 _a310p
500 _aincludes index and biblioraphy
505 2 _aindex
650 _aResearch Methodology
700 1 _aAlmack, John
902 _bSRS
942 _cBK
999 _c14874
_d14874